La escritura creativa a través de dispositivos móviles : (Registro nro. 857107)

Detalles MARC
000 -CABECERA
campo de control de longitud fija 02746nam a2200349 4500
003 - IDENTIFICADOR DEL NÚMERO DE CONTROL
campo de control CO-MdUADB
005 - FECHA Y HORA DE LA ÚLTIMA TRANSACCIÓN
campo de control 20240831091720.0
007 - CAMPO FIJO DE DESCRIPCIÓN FÍSICA--INFORMACIÓN GENERAL
campo de control de longitud fija cr unu|||a|na|
008 - DATOS DE LONGITUD FIJA--INFORMACIÓN GENERAL
campo de control de longitud fija 240516s2023 ck d|||| |||| 00| 0 spa d
040 ## - FUENTE DE LA CATALOGACIÓN
Centro catalogador/agencia de origen CO-MdUADB
Lengua de catalogación spa
Centro/agencia transcriptor CO-MdUADB
Normas de descripción rda
091 ## - SIGNATURA LOCAL (FACETA)
Número de clasificación facetado CA
100 ## - ENTRADA PRINCIPAL--NOMBRE DE PERSONA
9 (RLIN) 863480
Nombre de persona Jiménez Martínez, Jorge Isaac
Títulos y otros términos asociados al nombre Magíster en Estudios en Infancia
Término indicativo de función/relación Autor/a
245 13 - TÍTULO PROPIAMENTE DICHO
Título propiamente dicho La escritura creativa a través de dispositivos móviles :
Subtítulo o título paralelo una propuesta de intervención en el aula con estudiantes de quinto grado en la I.E.R Yarumito en Barbosa Antioquia
264 ## - PRODUCCIÓN, PUBLICACIÓN, DISTRIBUCIÓN, FABRICACIÓN Y COPYRIGHT
Producción, publicación, distribución, fabricación y copyright Medellín :
Nombre del de productor, editor, distribuidor, fabricante Autor/a
Fecha de producción, publicación, distribución, fabricación o copyright 2023
300 ## - DESCRIPCIÓN FÍSICA
Extensión Recurso en línea (94 páginas)
Otras características físicas Archivo de texto PDF, gráficas
336 ## - TIPO DE CONTENIDO
Fuente rdacontent
Término de tipo de contenido texto
Código de tipo de contenido txt
337 ## - TIPO DE MEDIO
Nombre/término del tipo de medio computadora
338 ## - TIPO DE SOPORTE
Nombre/término del tipo de soporte recurso en línea
347 ## - CARACTERÍSTICAS DEL ARCHIVO DIGITAL
Tipo de archivo PDF
Tamaño de archivo 688.36 kB
502 ## - NOTA DE TESIS
Tipo de título Tesis (Magíster en Estudios en Infancia).
Nombre de la institución que otorga el título Universidad de Antioquia. Facultad de Educación,
Año de obtención del título 2023
520 3# - SUMARIO, ETC.
Nota de Sumario, etc. Esta tesis tiene como finalidad valorar la escritura creativa en los estudiantes de grado quinto de la I.E.R. Yarumito, desde la implementación de una estrategia de intervención mediada por el uso de dispositivos móviles. Metodológicamente, se empleó el enfoque cualitativo con diseño de investigación acción; la muestra estuvo conformada por 10 estudiantes que conforman un subgrupo del grado 5°. Para valorar los textos realizados los instrumentos: diario de campo donde se registraron las vivencias durante las clases; rúbrica de evaluación de la escritura creativa en cuanto a originalidad, coherencia y cohesión; y una encuesta de percepción aplicada a los estudiantes al finalizar la intervención en el aula. Los resultados de esta intervención rural evidencian que los textos creativos de los estudiantes mejoraron en la medida que se avanza con la intervención en el aula de clases, siendo muy reiterativo el aprendizaje en la clase 7 de 10, donde obtuvieron mejores resultados. Se evidencia que el trabajo en clase desde la originalidad, cohesión y coherencia de los textos escritos con la mediación de dispositivos móviles posibilitó mejoras en las producciones de los estudiantes en el transcurrir de las clases; sin embargo, para ellos es indistinto si se usan o no tecnologías para el ejercicio de escritura creativa
526 ## - NOTA DE INFORMACIÓN SOBRE EL PROGRAMA DE ESTUDIO
Nombre del programa Universidad de Antioquia. Facultad de Educación. Maestría en Estudios en Infancia.
650 #7 - PUNTO DE ACCESO ADICIONAL DE MATERIA--TÉRMINO DE MATERIA
Término de materia o nombre geográfico como elemento de entrada Escritura
Subdivisión general Enseñanza
Fuente del encabezamiento o término lemb
9 (RLIN) 165056
650 #7 - PUNTO DE ACCESO ADICIONAL DE MATERIA--TÉRMINO DE MATERIA
Fuente del encabezamiento o término lemb
9 (RLIN) 43723
Término de materia o nombre geográfico como elemento de entrada Educación primaria
650 #0 - PUNTO DE ACCESO ADICIONAL DE MATERIA--TÉRMINO DE MATERIA
9 (RLIN) 105912
Término de materia o nombre geográfico como elemento de entrada Originalidad
650 #0 - PUNTO DE ACCESO ADICIONAL DE MATERIA--TÉRMINO DE MATERIA
9 (RLIN) 85866
Término de materia o nombre geográfico como elemento de entrada Cohesión
650 #0 - PUNTO DE ACCESO ADICIONAL DE MATERIA--TÉRMINO DE MATERIA
9 (RLIN) 225290
Término de materia o nombre geográfico como elemento de entrada Aprendizaje móvil
650 #7 - PUNTO DE ACCESO ADICIONAL DE MATERIA--TÉRMINO DE MATERIA
Fuente del encabezamiento o término lemb
Término de materia o nombre geográfico como elemento de entrada Escritura creativa
9 (RLIN) 30742
700 ## - ENTRADA AGREGADA--NOMBRE PERSONAL
9 (RLIN) 602992
Nombre de persona Arboleda Posada, Angela Maria
Término indicativo de función/relación Asesor/a de tesis
856 4# - LOCALIZACIÓN Y ACCESO ELECTRÓNICOS
Identificador Uniforme del Recurso <a href="https://bibliotecadigital.udea.edu.co/handle/10495/36936">https://bibliotecadigital.udea.edu.co/handle/10495/36936</a>
Nota pública CONSULTE TEXTO COMPLETO EN REPOSITORIO INSTITUCIONAL UNIVERSIDAD DE ANTIOQUIA
942 ## - ELEMENTOS DE ENTRADA AGREGADA (KOHA)
Fuente del sistema de clasificación o colocación Facetado
Tipo de ítem Koha Tesis

No hay ítems disponibles.